[Event "Balatonalmadi Pannonia Cup 27th"]
[Site "Balatonalmadi"]
[Date "2019.07.25"]
[Round "2"]
[White "Zentai, Peter1111"]
[Black "Kosztolanczi, Gyula"]
[Result "1-0"]
[WhiteElo "2301"]
[BlackElo "2074"]
[PlyCount "67"]
[EventDate "2019.07.24"]
[EventType "swiss"]
[EventRounds "7"]
[EventCountry "HUN"]
[SourceTitle "CBM 191 Extra"]
[Source "ChessBase"]
[SourceDate "2019.09.30"]
[SourceVersion "1"]
[SourceVersionDate "2019.09.30"]
[SourceQuality "1"]

1. d4 Nf6 2. c4 g6 3. Nc3 Bg7 4. e4 0-0 5. Nf3 d6 6. Be2 e5 7. 0-0 Nc6 8. Be3 Ng4 9. Bg5 f6 10. Bc1 Nh6 11. dxe5 dxe5 12. Qd5+ Qxd5 13. cxd5 Nd4 14. Nxd4 exd4 15. Nb5 Bd7 16. Nxc7 Rac8 17. Nb5 f5 18. e5 f4 19. e6 Rc2 20. Bd3 Bxb5 21. Bxb5 Nf5 22. Ba4 Re2 23. Bxf4 d3 24. d6 b5 25. Bxb5 Nd4 26. e7 Nxb5 27. exf8Q+ Kxf8 28. Rac1 Ke8 29. Rc8+ Kd7 30. Rc5 a6 31. a4 Bd4 32. Rd5 d2 33. axb5 Rxf2 34. Rxd4 1-0

[Event "Level op 7th"]
[Site "Level"]
[Date "2019.05.12"]
[Round "6"]
[White "Kosztolanczi, Gyula"]
[Black "Tolnai, Jozsef"]
[Result "1-0"]
[WhiteElo "2078"]
[BlackElo "1827"]
[PlyCount "97"]
[EventDate "2019.05.10"]
[EventType "swiss"]
[EventRounds "7"]
[EventCountry "HUN"]
[SourceTitle "EXT 2021"]
[Source "ChessBase"]
[SourceDate "2020.10.23"]
[SourceVersion "1"]
[SourceVersionDate "2020.10.23"]
[SourceQuality "1"]

1. e4 c6 2. d4 d5 3. Nc3 dxe4 4. Nxe4 Bf5 5. Ng3 Bg6 6. Nf3 Nd7 7. h4 h6 8. h5 Bh7 9. Bd3 Bxd3 10. Qxd3 e6 11. Bd2 Ngf6 12. 0-0-0 Bd6 13. Ne4 Nxe4 14. Qxe4 Nf6 15. Qe2 Qc7 16. Ne5 0-0-0 17. f4 c5 18. dxc5 Bxc5 19. c4 Bd4 20. Rh3 Bxe5 21. fxe5 Nd5 22. Ra3 b6 23. Kb1 Ne7 24. Rc1 Kb8 25. c5 Qd7 26. Qa6 Qb7 27. Qe2 Rc8 28. cxb6 Rxc1+ 29. Bxc1 axb6 30. Qb5 Rc8 31. Qb4 Nd5 32. Qd6+ Qc7 33. Rg3 f6 34. Rxg7 Qxd6 35. exd6 Rh8 36. Bxh6 Kc8 37. Rg6 Kd7 38. g4 Kxd6 39. Bd2 Rh7 40. h6 Ke7 41. Rg8 Kf7 42. Rb8 Kg6 43. Rg8+ Kf7 44. Rd8 Kg6 45. Rd6 Re7 46. b4 f5 47. gxf5+ Kxf5 48. Kc2 Rc7+ 49. Kb3 1-0

[Event "Level op 7th"]
[Site "Level"]
[Date "2019.05.11"]
[Round "5"]
[White "Kocsis, Tihamer"]
[Black "Kosztolanczi, Gyula"]
[Result "1-0"]
[WhiteElo "1755"]
[BlackElo "2078"]
[PlyCount "133"]
[EventDate "2019.05.10"]
[EventType "swiss"]
[EventRounds "7"]
[EventCountry "HUN"]
[SourceTitle "EXT 2021"]
[Source "ChessBase"]
[SourceDate "2020.10.23"]
[SourceVersion "1"]
[SourceVersionDate "2020.10.23"]
[SourceQuality "1"]

1. e4 Nf6 2. Nc3 d5 3. exd5 Nxd5 4. Nxd5 Qxd5 5. d4 c5 6. Be3 cxd4 7. Qxd4 Qxd4 8. Bxd4 Nc6 9. Bc3 e5 10. Nf3 f6 11. Bc4 Bb4 12. Bxb4 Nxb4 13. Bb3 Bg4 14. Nd2 Bf5 15. Rc1 Rc8 16. Kd1 Ke7 17. a3 Nc6 18. c3 Rhd8 19. Bc2 Ke6 20. Bb3+ Kd6 21. Bc2 Ne7 22. Bxf5 Nxf5 23. Ke2 Ke6 24. Rhd1 Nd6 25. f3 f5 26. Ke3 Rd7 27. Ke2 Rcd8 28. c4 b6 29. Nb3 f4 30. c5 Nf5 31. Rxd7 Rxd7 32. cxb6 axb6 33. Rc6+ Rd6 34. Rxd6+ Kxd6 35. a4 Ne3 36. Nd2 Kc5 37. b3 Kd4 38. b4 Nd5 39. a5 b5 40. a6 Kc3 41. Ne4+ Kxb4 42. Kd3 Nb6 43. Nd6 Kc5 44. Nb7+ Kc6 45. Na5+ Kc7 46. a7 Na8 47. Ke4 Kb6 48. Nb3 Kxa7 49. Kxe5 Kb6 50. Kxf4 b4 51. Ke5 Nc7 52. f4 Kb5 53. f5 Na6 54. g4 Nc5 55. Nd2 Nd3+ 56. Ke6 Kc5 57. Kf7 Kd4 58. Kxg7 Kc3 59. Ne4+ Kc2 60. f6 b3 61. f7 Nf4 62. Nc5 b2 63. f8Q b1Q 64. Qf5+ Kb2 65. Na4+ Ka1 66. Qe5+ Ka2 67. Nc3+ 1-0

[Event "HUN-chT2 Charousek 1819"]
[Site "Hungary"]
[Date "2019.04.28"]
[Round "11.6"]
[White "Amrein, Roland"]
[Black "Kosztolanczi, Gyula"]
[Result "1/2-1/2"]
[WhiteElo "2206"]
[BlackElo "2085"]
[PlyCount "137"]
[EventDate "2018.09.23"]
[EventType "team-tourn"]
[EventRounds "11"]
[EventCountry "HUN"]
[SourceTitle "EXT 2021"]
[Source "ChessBase"]
[SourceDate "2020.10.23"]
[SourceVersion "1"]
[SourceVersionDate "2020.10.23"]
[SourceQuality "1"]
[WhiteTeam "Komlo Banyasz"]
[BlackTeam "Tapolca Varosi"]
[WhiteTeamCountry "HUN"]
[BlackTeamCountry "HUN"]

1. e4 d5 2. exd5 Qxd5 3. Nc3 Qd6 4. d4 Nf6 5. Nf3 c6 6. Ne5 Nbd7 7. Nc4 Qc7 8. Qf3 Nb6 9. Bf4 Qd7 10. Be3 Nxc4 11. Bxc4 Qg4 12. Qxg4 Bxg4 13. f3 Bf5 14. 0-0-0 e6 15. g4 Bg6 16. Ne2 Nd5 17. Bd2 Bd6 18. Bb3 b5 19. f4 h5 20. g5 a5 21. Rde1 Kd7 22. c3 a4 23. Bc2 Bxc2 24. Kxc2 Rhc8 25. Nc1 c5 26. dxc5 Rxc5 27. Re4 Rac8 28. Kd3 Rc4 29. Ne2 Rxe4 30. Kxe4 b4 31. Kd3 bxc3 32. bxc3 Rb8 33. Kc2 e5 34. fxe5 Bxe5 35. Rf1 Ke6 36. Rf3 Rc8 37. Kd3 Nb6 38. Rh3 g6 39. Rh4 Rd8+ 40. Kc2 Rc8 41. Kd3 Kd5 42. Rb4 Nc4 43. Bf4 Bg7 44. Bg3 Ne5+ 45. Bxe5 Bxe5 46. h3 a3 47. Ra4 Bd6 48. Ra5+ Kc6 49. Ra6+ Kd5 50. Ra5+ Kc6 51. c4 Bc5 52. Ra6+ Kb7 53. Rf6 Rd8+ 54. Kc2 Be3 55. Rxf7+ Kb6 56. Kb3 Rd3+ 57. Kb4 Bxg5 58. Nf4 Bxf4 59. Rxf4 g5 60. Rf6+ Kc7 61. h4 gxh4 62. Rh6 h3 63. Rxh5 Kd6 64. Kb5 Rd2 65. c5+ Kc7 66. Rh7+ Kb8 67. Rxh3 Rxa2 68. Kb4 Kc7 69. Rxa3 1/2-1/2

[Event "HUN-chT2 Charousek 1819"]
[Site "Hungary"]
[Date "2018.12.02"]
[Round "5.9"]
[White "Berta, Tibor"]
[Black "Kosztolanczi, Gyula"]
[Result "1-0"]
[WhiteElo "2068"]
[BlackElo "2085"]
[PlyCount "167"]
[EventDate "2018.09.23"]
[EventType "team-tourn"]
[EventRounds "11"]
[EventCountry "HUN"]
[SourceTitle "CBM 189 Extra"]
[Source "ChessBase"]
[SourceDate "2019.06.03"]
[SourceVersion "1"]
[SourceVersionDate "2019.06.03"]
[SourceQuality "1"]
[WhiteTeam "Paks ASE II"]
[BlackTeam "Tapolca Varosi"]
[WhiteTeamCountry "HUN"]
[BlackTeamCountry "HUN"]

1. d4 Nf6 2. Nf3 g6 3. c4 c5 4. Nc3 cxd4 5. Nxd4 Bg7 6. e3 Nc6 7. Be2 0-0 8. 0-0 d6 9. b3 Bd7 10. Bb2 Rc8 11. Qd2 Ne8 12. Ne4 f5 13. Nxc6 bxc6 14. Bxg7 Nxg7 15. Nc3 Qa5 16. Rad1 Ne6 17. Na4 Qe5 18. Qc3 Qxc3 19. Nxc3 Kf7 20. g3 a5 21. Bf3 Nc5 22. Rfe1 Rc7 23. e4 Be6 24. e5 Rd8 25. Rd2 Rdd7 26. exd6 Rxd6 27. Red1 Rxd2 28. Rxd2 Rd7 29. Rd1 Rxd1+ 30. Bxd1 Ke8 31. f4 Kd7 32. Kf2 Kd6 33. Ke3 Bf7 34. Bf3 Nd7 35. Kd4 Nc5 36. Be2 Ne6+ 37. Ke3 Be8 38. Bf3 g5 39. Bd1 gxf4+ 40. gxf4 Nc5 41. Kd4 Nd7 42. a3 c5+ 43. Ke3 Nb6 44. Bc2 Bd7 45. Ne2 a4 46. Nc3 e5 47. Ne2 axb3 48. Bxb3 Be6 49. Kd3 exf4 50. Nxf4 Bd7 51. Ke3 Ba4 52. Bxa4 Nxa4 53. Nd3 Nb6 54. Nb2 Ke5 55. Nd3+ Kf6 56. Nb2 Kg5 57. a4 f4+ 58. Kf3 Kf5 59. a5 Nd7 60. Nd3 Nb8 61. Nxf4 Nc6 62. a6 Ne5+ 63. Ke2 Nc6 64. Ke3 Ke5 65. Nd3+ Kd6 66. Ke4 Na7 67. Nb2 Kc6 68. Na4 Nc8 69. Ke5 Nd6 70. Nb2 Nf7+ 71. Kf6 Nh6 72. h3 Kb6 73. Na4+ Kxa6 74. Nxc5+ Kb6 75. Nd7+ Kc6 76. Ne5+ Kc5 77. Ng4 Ng8+ 78. Kf7 Nh6+ 79. Nxh6 Kxc4 80. Ng4 Kd4 81. h4 Ke4 82. h5 Kf5 83. h6 Kxg4 84. Kg7 1-0

[Event "HUN-chT2 Charousek 1819"]
[Site "Hungary"]
[Date "2018.10.28"]
[Round "3.8"]
[White "Kosztolanczi, Gyula"]
[Black "Szabo, Laszlo7777"]
[Result "1-0"]
[WhiteElo "2085"]
[BlackElo "1997"]
[PlyCount "73"]
[EventDate "2018.09.23"]
[EventType "team-tourn"]
[EventRounds "11"]
[EventCountry "HUN"]
[SourceTitle "CBM 189 Extra"]
[Source "ChessBase"]
[SourceDate "2019.06.03"]
[SourceVersion "1"]
[SourceVersionDate "2019.06.03"]
[SourceQuality "1"]
[WhiteTeam "Tapolca Varosi"]
[BlackTeam "Gyor Szechenyi"]
[WhiteTeamCountry "HUN"]
[BlackTeamCountry "HUN"]

1. e4 c5 2. Nf3 Nc6 3. d4 cxd4 4. Nxd4 Nf6 5. Nc3 e5 6. Ndb5 d6 7. Nd5 Nxd5 8. exd5 Ne7 9. c4 Nf5 10. Bd3 Be7 11. 0-0 a6 12. Nc3 0-0 13. Kh1 Nh4 14. f4 exf4 15. Bxf4 Ng6 16. Qh5 f5 17. Ne2 Bf6 18. Rab1 Nxf4 19. Nxf4 g6 20. Qf3 Re8 21. b4 b6 22. Rfe1 Be5 23. Rbc1 a5 24. c5 axb4 25. Bb5 Re7 26. cxd6 Bxd6 27. Ne6 Bxe6 28. dxe6 Ra3 29. Qd5 Qb8 30. Bd7 Rc3 31. Rcd1 Bxh2 32. Qd4 Rc5 33. Qf6 Bd6 34. Rd2 Bf4 35. Qxe7 Bxd2 36. Qf7+ Kh8 37. e7 1-0

[Event "HUN-chT2 Charousek 1819"]
[Site "Hungary"]
[Date "2018.10.07"]
[Round "2.7"]
[White "Kosztolanczi, Gyula"]
[Black "Kozma, Karoly"]
[Result "0-1"]
[WhiteElo "2085"]
[BlackElo "2285"]
[PlyCount "100"]
[EventDate "2018.09.23"]
[EventType "team-tourn"]
[EventRounds "11"]
[EventCountry "HUN"]
[SourceTitle "CBM 189 Extra"]
[Source "ChessBase"]
[SourceDate "2019.06.03"]
[SourceVersion "1"]
[SourceVersionDate "2019.06.03"]
[SourceQuality "1"]
[WhiteTeam "Tapolca Varosi"]
[BlackTeam "Ajka Banyasz"]
[WhiteTeamCountry "HUN"]
[BlackTeamCountry "HUN"]

1. e4 c5 2. Nf3 d6 3. d4 cxd4 4. Nxd4 Nf6 5. Nc3 Nc6 6. Bc4 e6 7. Bb3 a6 8. Be3 Qc7 9. Qe2 Na5 10. g4 b5 11. g5 b4 12. Nd5 Nxd5 13. exd5 Nxb3 14. axb3 Bb7 15. 0-0 e5 16. Nc6 Bxc6 17. Qc4 Rc8 18. dxc6 Qxc6 19. Qxb4 Be7 20. Qg4 0-0 21. c4 f5 22. Qh3 f4 23. Qe6+ Rf7 24. Bb6 Bxg5 25. Rxa6 Re8 26. Ba5 Qxa6 27. Qxe8+ Rf8 28. Qe6+ Kh8 29. Bb4 Qa8 30. Qd5 Qc8 31. f3 Be7 32. Ra1 h6 33. Ra7 Bd8 34. Qb7 Bb6+ 35. Qxb6 Rf6 36. Qf2 Qf5 37. Ra1 e4 38. fxe4 Rg6+ 39. Kf1 Qh3+ 40. Ke1 Rg2 41. Ra8+ Kh7 42. Qxf4 Rg1+ 43. Kd2 Rf1 44. Qg3 Qh5 45. Bxd6 Qd1+ 46. Ke3 Re1+ 47. Kf4 Qxd6+ 48. Kf3 Qd3+ 49. Kg4 Qxe4+ 50. Kh3 Qf5+ 0-1

[Event "HUN-chT2 Charousek 1819"]
[Site "Hungary"]
[Date "2018.09.23"]
[Round "1.11"]
[White "Mihaly, Imre"]
[Black "Kosztolanczi, Gyula"]
[Result "0-1"]
[WhiteElo "1831"]
[BlackElo "2085"]
[PlyCount "120"]
[EventDate "2018.09.23"]
[EventType "team-tourn"]
[EventRounds "11"]
[EventCountry "HUN"]
[SourceTitle "CBM 189 Extra"]
[Source "ChessBase"]
[SourceDate "2019.06.03"]
[SourceVersion "1"]
[SourceVersionDate "2019.06.03"]
[SourceQuality "1"]
[WhiteTeam "Budapest HUSI"]
[BlackTeam "Tapolca Varosi"]
[WhiteTeamCountry "HUN"]
[BlackTeamCountry "HUN"]

1. d4 Nf6 2. c4 g6 3. Nc3 Bg7 4. Nf3 d6 5. Bf4 0-0 6. e3 Bg4 7. Be2 Nc6 8. h3 Bxf3 9. Bxf3 e5 10. dxe5 dxe5 11. Bh2 Qe7 12. Bxc6 bxc6 13. 0-0 Nd7 14. Qa4 Qe6 15. b3 a5 16. Rad1 Rfb8 17. Qa3 Nb6 18. Qc1 a4 19. Qc2 axb3 20. axb3 Nd7 21. Ra1 Rxa1 22. Rxa1 Nc5 23. Rb1 Rb7 24. Ne4 Qf5 25. f3 Bf8 26. Kf2 f6 27. g4 Nxe4+ 28. Qxe4 Qxe4 29. fxe4 g5 30. Ke2 Kf7 31. Kd3 Ke6 32. Bg3 Bb4 33. Bf2 Ra7 34. Kc2 Kd6 35. Rb2 Ra8 36. Rb1 h5 37. gxh5 Rh8 38. Rh1 Rxh5 39. h4 Ke6 40. Bg3 Be7 41. Rh2 g4 42. Rf2 Rh8 43. Rf1 Ra8 44. Kb2 Ba3+ 45. Kb1 Bc5 46. Bf2 Rg8 47. Rg1 Bb4 48. Kc2 f5 49. Bg3 Bc5 50. exf5+ Kxf5 51. e4+ Kxe4 52. Re1+ Kf3 53. Bxe5 g3 54. h5 Rg5 55. h6 Rh5 56. Bxg3 Kxg3 57. Re6 Bd6 58. Kc3 c5 59. b4 cxb4+ 60. Kb3 Kf4 0-1

[Event "Zalakaros op 37th"]
[Site "Zalakaros"]
[Date "2018.05.30"]
[Round "6"]
[White "Kosztolanczi, Gyula"]
[Black "Czebe, Attila"]
[Result "0-1"]
[WhiteElo "2130"]
[BlackElo "2422"]
[PlyCount "78"]
[EventDate "2018.05.25"]
[EventType "swiss"]
[EventRounds "9"]
[EventCountry "HUN"]
[SourceTitle "CBM 184 Extra"]
[Source "ChessBase"]
[SourceDate "2018.06.28"]
[SourceVersion "1"]
[SourceVersionDate "2018.06.28"]
[SourceQuality "1"]

1. e4 g6 2. d4 d6 3. Nc3 c6 4. f4 d5 5. Nf3 dxe4 6. Nxe4 Bg7 7. Bc4 Nh6 8. c3 0-0 9. Be3 Nd7 10. Qd2 b5 11. Bb3 Nf5 12. Bf2 Nd6 13. Nxd6 exd6 14. 0-0 Nb6 15. Bh4 Qc7 16. Rae1 Nc4 17. Bxc4 bxc4 18. Be7 Bf5 19. Bxf8 Rxf8 20. Re3 Qa5 21. Nh4 Bd3 22. Rxd3 cxd3 23. Qxd3 Qxa2 24. f5 Qxb2 25. f6 Bh6 26. Qg3 Kh8 27. Qxd6 Qxc3 28. Nf3 Kg8 29. Rb1 c5 30. d5 c4 31. Ne5 Qe3+ 32. Kh1 c3 33. Rf1 c2 34. Ng4 c1Q 35. Nxe3 Qxe3 36. Qe7 Re8 37. d6 Rxe7 38. dxe7 Bg5 39. Rd1 Bxf6 0-1

[Event "HUN-chT2 Charousek 1718"]
[Site "Hungary"]
[Date "2018.05.06"]
[Round "9.10"]
[White "Fur, Katinka"]
[Black "Kosztolanczi, Gyula"]
[Result "0-1"]
[WhiteElo "2016"]
[BlackElo "2120"]
[PlyCount "100"]
[EventDate "2017.10.29"]
[EventType "team-tourn"]
[EventRounds "9"]
[EventCountry "HUN"]
[SourceTitle "EXT 2020"]
[Source "ChessBase"]
[SourceDate "2019.10.17"]
[SourceVersion "1"]
[SourceVersionDate "2019.10.17"]
[SourceQuality "1"]
[WhiteTeam "Balatonfuered"]
[BlackTeam "Tapolca Rockwool"]
[WhiteTeamCountry "HUN"]
[BlackTeamCountry "HUN"]

1. d4 Nf6 2. Nf3 g6 3. c4 Bg7 4. g3 0-0 5. Bg2 d6 6. Nc3 Nc6 7. 0-0 a6 8. h3 Rb8 9. Be3 b5 10. Nd2 Bd7 11. Rc1 e5 12. dxe5 Nxe5 13. cxb5 axb5 14. b4 Be6 15. Kh2 Qd7 16. Bf4 Nc4 17. Nb3 Nh5 18. Nd4 Nxf4 19. gxf4 d5 20. e3 c6 21. Nb3 Qd6 22. Nc5 g5 23. Ne2 d4 24. Nxd4 gxf4 25. Ndxe6 Qxd1 26. Rfxd1 fxe6 27. Nxe6 Rf6 28. Nxf4 Bf8 29. Nd3 Ra8 30. Rc2 Rd6 31. Bf3 Rad8 32. Rg1+ Kf7 33. Nc5 Rd2 34. Rgc1 Nxe3 35. Rxd2 Rxd2 36. Kg1 Nd5 37. a3 Nf4 38. Bg4 h5 39. Ne4 hxg4 40. Rxc6 Nxh3+ 41. Kg2 Re2 42. Nd6+ Bxd6 43. Rxd6 Nxf2 44. Kf1 Rc2 45. Rd5 Kg6 46. Rxb5 Nh3 47. Rb8 Kf5 48. Rf8+ Ke4 49. b5 g3 50. Re8+ Kf3 0-1

[Event "HUN-chT2 Charousek 1718"]
[Site "Hungary"]
[Date "2018.02.18"]
[Round "6.10"]
[White "Kosztolanczi, Gyula"]
[Black "Losonczi, Marcell"]
[Result "0-1"]
[WhiteElo "2120"]
[BlackElo "2251"]
[PlyCount "116"]
[EventDate "2017.10.29"]
[EventType "team-tourn"]
[EventRounds "9"]
[EventCountry "HUN"]
[SourceTitle "EXT 2020"]
[Source "ChessBase"]
[SourceDate "2019.10.17"]
[SourceVersion "1"]
[SourceVersionDate "2019.10.17"]
[SourceQuality "1"]
[WhiteTeam "Tapolca Rockwool"]
[BlackTeam "Paks ASE II"]
[WhiteTeamCountry "HUN"]
[BlackTeamCountry "HUN"]

1. e4 e5 2. Nf3 Nc6 3. Bc4 Nf6 4. Ng5 d5 5. exd5 Nd4 6. c3 b5 7. Bf1 Nxd5 8. cxd4 Qxg5 9. Bxb5+ Kd8 10. 0-0 Bb7 11. Qf3 Rb8 12. Qg3 Qxg3 13. fxg3 exd4 14. d3 f6 15. Bc4 Bd6 16. Na3 Bc6 17. Nc2 Kd7 18. Re1 Be5 19. b3 h5 20. Bb2 Nb4 21. Rac1 Nxa2 22. Rcd1 Nb4 23. Nxb4 Rxb4 24. Bf7 h4 25. gxh4 Rxh4 26. g3 Rh8 27. Rc1 a5 28. Ba3 Rb5 29. Bc5 a4 30. b4 Rbb8 31. Bg6 Bd5 32. Bf5+ Kd8 33. Ra1 Ra8 34. b5 Ra5 35. Reb1 a3 36. Bxa3 Bxg3 37. Be7+ Kxe7 38. Rxa5 Bxh2+ 39. Kf2 Bf4 40. Be4 Bxe4 41. dxe4 Rd8 42. Kf3 g5 43. Ra7 Rd7 44. Rh1 Kd6 45. Rha1 d3 46. R7a4 Ke7 47. Rh1 Rd6 48. Rh7+ Ke6 49. Rxc7 d2 50. Ra1 d1Q+ 51. Rxd1 Rxd1 52. Rc6+ Rd6 53. Rc5 Be5 54. Kg4 Rd4 55. Rc6+ Bd6 56. Kf3 Rb4 57. Rb6 Ke5 58. Rb7 Rxe4 0-1

[Event "HUN-chT2 Charousek 1415"]
[Site "Hungary"]
[Date "2015.02.08"]
[Round "6"]
[White "Kosztolanczi, Gyula"]
[Black "Ivan, Zoltan"]
[Result "1-0"]
[WhiteElo "2144"]
[BlackElo "2164"]
[PlyCount "47"]
[EventDate "2014.10.12"]
[EventType "team-tourn"]
[EventRounds "9"]
[EventCountry "HUN"]
[SourceTitle "EXT 2016"]
[Source "ChessBase"]
[SourceDate "2015.10.08"]
[SourceVersion "1"]
[SourceVersionDate "2015.10.08"]
[SourceQuality "1"]
[WhiteTeam "Tapolca"]
[BlackTeam "Komlo"]
[WhiteTeamCountry "HUN"]
[BlackTeamCountry "HUN"]

1. e4 e5 2. Nf3 Nc6 3. Bc4 Bc5 4. c3 Nf6 5. d4 exd4 6. cxd4 Bb4+ 7. Bd2 Bxd2+ 8. Nbxd2 0-0 9. e5 d5 10. Bd3 Nh5 11. g3 g6 12. Qb3 a5 13. Bb5 Ne7 14. 0-0-0 Ng7 15. Rdg1 Be6 16. g4 Qc8 17. h3 c5 18. Kb1 cxd4 19. Nxd4 Qc5 20. Qe3 Rfc8 21. N2b3 Qc7 22. a4 Nc6 23. Rc1 Qd7 24. f4 1-0

[Event "HUN-chT2 Charousek 1314"]
[Site "Hungary"]
[Date "2013.11.03"]
[Round "4"]
[White "Kosztolanczi, Gyula"]
[Black "Biskopics, Marton"]
[Result "0-1"]
[WhiteElo "2153"]
[BlackElo "2044"]
[PlyCount "126"]
[EventDate "2013.09.08"]
[EventType "team-tourn"]
[EventRounds "11"]
[EventCountry "HUN"]
[SourceTitle "EXT 2016"]
[Source "ChessBase"]
[SourceDate "2015.10.08"]
[SourceVersion "1"]
[SourceVersionDate "2015.10.08"]
[SourceQuality "1"]
[WhiteTeam "Tapolca"]
[BlackTeam "Nagykanizsa II"]
[WhiteTeamCountry "HUN"]
[BlackTeamCountry "HUN"]

1. e4 c5 2. Nf3 e6 3. d4 cxd4 4. Nxd4 a6 5. Nc3 Qc7 6. Bd3 Nf6 7. 0-0 Be7 8. Kh1 b5 9. f4 d6 10. Qe2 Nbd7 11. Bd2 Bb7 12. Rae1 0-0 13. e5 Nd5 14. Nxd5 Bxd5 15. Qh5 g6 16. Qh6 Rfe8 17. Nf3 Bf8 18. Qh4 Bg7 19. Bc3 dxe5 20. fxe5 h6 21. Bd2 Bxf3 22. Rxf3 Nxe5 23. Qg3 Qc5 24. b4 Qd5 25. Rfe3 Nxd3 26. Rxd3 Qb7 27. Qh4 h5 28. Bg5 Rac8 29. Qf2 Rc7 30. Red1 Rec8 31. R3d2 Qe4 32. Rf1 Qf5 33. Qxf5 gxf5 34. Rd6 Rc6 35. Rfd1 Kh7 36. Be3 Be5 37. Rd7 Kg6 38. Bc5 R6c7 39. Kg1 a5 40. a3 Bb2 41. Rxc7 Rxc7 42. Bb6 Rxc2 43. bxa5 Bxa3 44. a6 Bc5+ 45. Bxc5 Rxc5 46. Ra1 Rc8 47. Kf2 b4 48. h4 Ra8 49. a7 b3 50. Rb1 Rxa7 51. Rxb3 Ra4 52. g3 f4 53. Rb8 fxg3+ 54. Kxg3 Kf5 55. Rb3 Rg4+ 56. Kh3 e5 57. Rf3+ Rf4 58. Rg3 f6 59. Rg8 e4 60. Re8 Rf3+ 61. Kg2 Kf4 62. Rh8 Kg4 63. Re8 f5 0-1

[Event "HUN-chT2 Szechenyi 1112"]
[Site "Hungary"]
[Date "2012.05.06"]
[Round "10.4"]
[White "Toth, Tibor"]
[Black "Kosztolanczi, Gyula"]
[Result "0-1"]
[WhiteElo "1957"]
[BlackElo "2110"]
[PlyCount "62"]
[EventDate "2011.09.25"]
[EventType "team-tourn"]
[EventRounds "11"]
[EventCountry "HUN"]
[SourceTitle "EXT 2013"]
[Source "ChessBase"]
[SourceDate "2012.11.22"]
[SourceVersion "1"]
[SourceVersionDate "2012.11.22"]
[SourceQuality "1"]
[WhiteTeam "Haladas"]
[BlackTeam "Tapolca"]
[WhiteTeamCountry "HUN"]
[BlackTeamCountry "HUN"]

1. e4 c5 2. Nf3 Nc6 3. d4 cxd4 4. Nxd4 e5 5. Nb5 d6 6. N1c3 a6 7. Na3 b5 8. Nd5 Nce7 9. c4 Nxd5 10. exd5 bxc4 11. Nxc4 Nf6 12. Be3 Rb8 13. Be2 Be7 14. 0-0 0-0 15. a4 Bb7 16. Nb6 Nd7 17. a5 Nxb6 18. Bxb6 Qd7 19. Qd2 Bd8 20. Be3 f5 21. f3 f4 22. Bf2 Rf6 23. Rfb1 Qf7 24. Rd1 Rh6 25. b4 Qh5 26. h3 Bc8 27. Bf1 e4 28. Qxf4 exf3 29. g4 Bxg4 30. Ra3 Rg6 31. Kh2 Bxh3 0-1